What Came Fifth? Quiz Stats

Quiz Updated Oct 18, 2016

Also try: What Comes Next
Challenge
Share
Tweet
Embed
Score 0/20 Timer 05:00
3 Plays Today
Sequence Answer % Correct
January; February; March; April; ...May
99.7%
Red; Orange; Yellow; Green; ...Blue
95.9%
Do; Re; Mi; Fa; ...Sol
91%
Uno; Dos; Tres; Cuatro; ...Cinco
88.2%
Mercury; Venus; Earth; Mars; ...Jupiter
84.9%
Two all Beef Patties; Special Sauce; Lettuce; Cheese; ...Pickles
55.9%
The Phantom Menace; Attack of the Clones; Revenge of the Sith; A New Hope; ...New Hope,... Star Wars: Episode V - The Empire Strikes Back
55.4%
Domain; Kingdom; Phylum; Class;...Order
53.7%
Washington; Adams; Jefferson; Madison; ...Monroe
53.2%
Alabama; Alaska; Arizona; Arkansas; ...California
53.2%
Sequence Answer % Correct
Philosopher's/Sorcerer's Stone; Chamber of Secrets; Prisoner of Azkaban; Goblet of Fire; ...Harry Potter and the Order of the Phoenix
52.4%
Genesis; Exodus; Leviticus; Numbers; ...Deuteronomy
49.7%
Alpha; Bravo; Charlie; Delta; ...Echo
49.6%
Anne; George I; George II; George III; ...George IV
46.6%
Toy Story; A Bug's Life; Toy Story 2; Monsters Inc.; ...Finding Nemo
39.7%
Hydrogen; Helium; Lithium; Beryllium; ...Boron
32%
Uruguay; Italy; Italy; Uruguay; ....West Germany
26.4%
Kelly Clarkson; Ruben Studdard; Fantasia Barrino; Carrie Underwood; ...Taylor Hicks
19.6%
Bonds; Aaron; Ruth; Mays; ...Ken Griffey Jr.
18.8%
Mediterranean Avenue; Baltic Avenue; Reading Railroad; Oriental Avenue; ...Vermont Avenue
16.3%

You're not logged in!

Compare scores with friends on all Sporcle quizzes.
Sign Up with Email
OR
Log In

You Might Also Like...

Show Comments

Extras

Top Quizzes Today


Score Distribution

Your Account Isn't Verified!

In order to create a playlist on Sporcle, you need to verify the email address you used during registration. Go to your Sporcle Settings to finish the process.